| 000 | 02471cam a22004334a 4500 | ||
|---|---|---|---|
| 001 | 15426178 | ||
| 003 | NUST | ||
| 005 | 20220202115343.0 | ||
| 008 | 080825s2009 gw a b 100 0 eng | ||
| 010 | _a 2008936031 | ||
| 020 | _a9783540858423 | ||
| 020 | _a3540858423 | ||
| 038 | _aRani Shaista Kanwal | ||
| 040 |
_aDLC _cDLC _dDLC |
||
| 050 | 0 | 0 |
_aQH442.6 _b.G464 2009 |
| 082 | 0 | 0 |
_a636.0821 _222 |
| 245 | 0 | 0 |
_aGenetic engineering in livestock : _bnew applications and interdisciplinary perspectives / _cM. Engelhard, K. Hagen, M. Boysen, (eds.). |
| 260 |
_aBerlin : _bSpringer, _cc2009. |
||
| 300 |
_axiv, 143 p. : _bill. ; _c24 cm. |
||
| 490 | 1 |
_aEthics of science and technology assessment, _x1860-4803 ; _vv. 34 |
|
| 500 | _a"[S]ymposium on "New applications of livestock genetic engineering" that took place from 21st to 22nd of September 2007 in Berlin. The results of the symposium are published in these proceedings"--P. [vii]. | ||
| 504 | _aIncludes bibliographical references. | ||
| 505 | 0 | 0 |
_tTransgenic farm animals : current status and perspectives for agriculture and biomedicine / _rHeiner Niemann, Wilfried Kues, Joseph W. Carnwath -- _tMethods to generate transgenic animals / _rLouis-Marie Houdebine -- _tAnimal pharming : past experience and future prospects / _rAngelika Schnieke -- _tMarket development of biopharmaceuticals / _rGary Walsh -- _tEthical aspects of livestock genetic engineering / _rMatthias Kaiser -- _tAssessing the welfare of transgenic farm animals / _rCornelis G. Van Reenen. |
| 563 | _aHB | ||
| 650 | 0 |
_aLivestock _xGenetic engineering _vCongresses. _988721 |
|
| 650 | 0 |
_aTransgenic animals _vCongresses. _988722 |
|
| 650 | 0 |
_aGenetic engineering _xMoral and ethical aspects _vCongresses. _988723 |
|
| 650 | 0 |
_aAnimal biotechnology _vCongresses. _988724 |
|
| 700 | 1 |
_aEngelhard, M. _q(Margret) _988725 |
|
| 700 | 1 |
_aHagen, Kristin. _988726 |
|
| 700 | 1 |
_aBoysen, M. _q(Mathias) _988727 |
|
| 830 | 0 |
_aWissenschaftsethik und Technikfolgenbeurteilung ; _vBd. 34. _988728 |
|
| 856 | 4 | 1 |
_3Table of contents only _uhttp://www.loc.gov/catdir/enhancements/fy0910/2008936031-t.html |
| 856 | 4 | 2 |
_3Publisher description _uhttp://www.loc.gov/catdir/enhancements/fy0910/2008936031-d.html |
| 906 |
_a7 _bcbc _corigres _d2 _encip _f20 _gy-gencatlg |
||
| 942 |
_2ddc _cBK |
||
| 999 |
_c587751 _d587751 |
||